ՀՀ Գիտությունների ազգային ակադեմիայի հիմնարար գիտական գրադարան  =   Fundamental Scientific Library of NAS RA

Արարատ : (Record no. 108761)

MARC details
000 -LEADER
fixed length control field 00794nam a2200217 u 4500
001 - CONTROL NUMBER
control field 000296282
003 - CONTROL NUMBER IDENTIFIER
control field AM-YeHGA
005 - DATE AND TIME OF LATEST TRANSACTION
control field 20250618071922.0
008 - FIXED-LENGTH DATA ELEMENTS--GENERAL INFORMATION
fixed length control field 031222s1967 ai r 000 0 arm d
040 ## - CATALOGING SOURCE
Original cataloging agency AM-YeHGA
041 0# - LANGUAGE CODE
Language code of text/sound track or separate title arm
090 ## - LOCALLY ASSIGNED LC-TYPE CALL NUMBER (OCLC); LOCAL CALL NUMBER (RLIN)
-- 110092
100 1# - MAIN ENTRY--PERSONAL NAME
Personal name Սիրաս, Հմայակ Սահակի,
Dates associated with a name 1902-1983
9 (RLIN) 1945
245 10 - TITLE STATEMENT
Title Արարատ :
Remainder of title Վեպ /
Statement of responsibility, etc. Հ.Ս. Սիրաս; Խմբ.՝ Միք. Ա. Հարությունյան.
246 3# - VARYING FORM OF TITLE
Title proper/short title Арарат
260 ## - PUBLICATION, DISTRIBUTION, ETC.
Place of publication, distribution, etc. Երևան :
Name of publisher, distributor, etc. Հայաստան,
Date of publication, distribution, etc. 1967.
300 ## - PHYSICAL DESCRIPTION
Extent 788 էջ :
Other physical details դիմանկ. ;
Dimensions 23 սմ.
650 14 - SUBJECT ADDED ENTRY--TOPICAL TERM
Topical term or geographic name entry element Հայ գրականություն
General subdivision Վեպ
653 0# - INDEX TERM--UNCONTROLLED
Uncontrolled term Հայրենական մեծ պատերազմ
700 1# - ADDED ENTRY--PERSONAL NAME
Personal name Հարությունյան, Միքայել Արտեմի,
Dates associated with a name 1918-1987
Relator term խմբ.
Relationship edt
9 (RLIN) 1173
Holdings
Withdrawn status Lost status Damaged status Not for loan Collection Home library Current library Date acquired Total checkouts Full call number Barcode Date last seen Price effective from Koha item type Public note
        General Fundamental Scientific Library Fundamental Scientific Library 22/12/2016   AII/40756 220040756 22/12/2016 22/12/2016 Գրքեր / Books 30 Days Loan
        General Fundamental Scientific Library Fundamental Scientific Library 22/12/2016   AII/40757 220040757 22/12/2016 22/12/2016 Գրքեր / Books 30 Days Loan
        General Fundamental Scientific Library Fundamental Scientific Library 22/12/2016   AII/40758 220040758 22/12/2016 22/12/2016 Գրքեր / Books 30 Days Loan
        General Fundamental Scientific Library Fundamental Scientific Library 22/12/2016   AII/40854 220040854 22/12/2016 22/12/2016 Գրքեր / Books 30 Days Loan


ՀՀ ԳԱԱ հիմնարար գիտական գրադարան
ՀՀ,Երևան 0019
Մարշալ Բաղրամյան 24/6
հեռախոս:(374-10) 52-47-50
Հետադարձ կապ

All site content, except where otherwise noted, is licensed under a
Creative Commons License